000 00414nam a2200121Ia 4500
008 160712s9999 xx 000 0 und d
100 _aRodriguez, Rommel B.
245 _cRommel B. Rodriguez
_aPatakaran sa Wika at ang Pamantasan
260 _c2015
_bDaluyan: Journal ng Wikang Filipino
300 _avol. 21 no. 1
650 _xFILIPINO
856 _uhttp://journals.upd.edu.ph/index.php/djwf/issue/view/525/showToc
999 _c297037
_d297037